000 00659nam a2200205Ia 4500
005 20230711090635.0
008 131103s9999 xx 000 0 und d
040 _aLoreto College
041 _aEnglish
082 _a574.5
_bRAN
245 4 _aThe Last tree
_b A resource book on bio-diversity
_ccompiled and edited by Mukesh Ranjan
260 _aPatna
_b[s.n.]
_c2000
300 _a267 p.
_b ill., figures
504 _aIncludes list of common names of plants
650 _aEconomics of land and energy -
651 _aEconomics of land and energy - Biological resource(Biodiversity) -
700 _aRanjan,Mukesh ed.
850 _aLCLIB
942 _cBK
999 _c898
_d51377